la compo officiel du RC Lens dans la saison 2024/2025 - Statistiques

Statistiques générales
  • Ce quiz a été pris 94 fois
  • Le résultat moyen est 10 sur 15
Statistiques - réponses
Hint Réponse % Correct
GK brice samba
97%
Défenseur kevin danso
91%
entraineur Will Still
90%
Défenseur facundo medina
83%
Défenseur przemyslaw frankowski
76%
Défenseur deiver machado
72%
milieu adrien thomasson
71%
Défenseur abdukodir khusanov
69%
attaquant florian sotoca
67%
attaquant mbala nzola
67%
milieu andy diouf
53%
milieu angelo fulgini
48%
milieu neil el aynaoui
41%
milieu peirera da costa
31%
milieu anass zaroury
29%
Aucun quiz correspondant
Distribution des résultats
% des personnes avec chaque résultat
Percentile par nombre de réponses
Votre historique - résultats
Vous n’avez pas pris ce quiz